| 000 | 00797nam a2200229 a 4500 | ||
|---|---|---|---|
| 001 | 47843 | ||
| 003 | BD-RjUL | ||
| 005 | 20211209054414.0 | ||
| 008 | 160810s2011 bg ||||| |||| 00| p ben d | ||
| 020 |
_a9847017800598 _c: Tk. 80.00 |
||
| 035 | _a(BD-RjUL) 47962 | ||
| 040 |
_aBD-RjUL _bben _cBD-RjUL |
||
| 041 | _aben | ||
| 082 |
_223 _a891.441 _bMAR 2011 |
||
| 100 | 1 |
_aমাহমুদ, অনীক _9119322 |
|
| 245 | 1 | 0 |
_aহৃৎ-খৈয়ামের রুবাইয়াৎ / _cঅনীক মাহমুদ |
| 260 |
_aঢাকা : _bসুচয়নী পাবলিশার্স, _c২০১১ |
||
| 300 |
_a৬৪ পৃ. ; _c২১ সেমি. |
||
| 650 |
_aবাংলা কবিতা _9145246 |
||
| 650 |
_aBengali Poetry _9145247 |
||
| 942 |
_2ddc _cBK _02 |
||
| 999 |
_c47843 _d47843 |
||